000 00280nam a22001337a 4500
008 181221b xxu||||| |||| 00| 0 eng d
020 _a90958
041 _aeng
080 _a316
100 _a50
101 _aSOC
245 _aThe Active Society
_cEtzioni, A
942 _2udc
_cBK
999 _c53648
_d53648